|
|
|
|
| LEADER |
00892nab#a2200337#ar4500 |
| 001 |
000080013 |
| 003 |
SVKKK |
| 005 |
20060727104357.0 |
| 008 |
040621c2005 xo e slo |
| FMT |
|
|
|
| 038 |
|
|
|a SVKKK
|
| 040 |
|
|
|a SVKKK
|b slo
|e AACR2
|
| 041 |
0 |
|
|a slo
|
| 044 |
|
|
|a xo
|c SK
|
| 080 |
|
|
|a 821.214.58(437.6)-1
|2 1997
|
| 080 |
|
|
|a 929 Havrľová, D.
|2 1997
|
| 100 |
1 |
|
|a Havrľová, Denisa,
|d 1971-
|4 aut
|
| 245 |
1 |
0 |
|a Autoportrét (2004)
|c Denisa Havrľová
|
| 300 |
|
|
|b Fotogr.
|
| 500 |
|
|
|a Narodila sa 30.11.1971
|
| 600 |
1 |
4 |
|a Havrľová, Denisa,
|d 1971-,
|x spisovateľka, novinárka
|z Očová (Slovensko)
|
| 650 |
0 |
4 |
|a básne
|x literatúra rómska na Slovensku
|x texty
|
| 773 |
0 |
|
|t Romano nevo ľil
|g Roč. 15, č. 688-694 (2005), s. 12
|
| 958 |
|
|
|a BX
|
| 958 |
|
|
|a RQ
|
| 974 |
|
|
|a Fav
|
| 992 |
|
|
|a RBX
|
| BAS |
|
|
|
| 852 |
|
|
|a SVKKK
|b BIB
|
| EXP |
|
|
|
| 998 |
|
|
|a ROM
|